| 000 | 00649cam a22002292 4500 | ||
|---|---|---|---|
| 001 | 0000003826 | ||
| 005 | 20151217145740.0 | ||
| 008 | 070515s xx 000 0 eng d | ||
| 020 | _a0471927120 : | ||
| 040 |
_aKABU _cKABU |
||
| 050 | 0 |
_aQC760 _b.G73 1990 |
|
| 100 | 1 |
_aGrant, I. S. _@0000154016 |
|
| 245 | 1 | 0 |
_aElectromagnetism / _cI. S. Grant, W. R. Philips. |
| 250 | _a2nd ed. | ||
| 260 |
_aNew York : _bJ. Wiley, _c1990. |
||
| 300 | _axvi, 525 p. | ||
| 650 | 0 |
_aElectromagnetism. _@0000153933 |
|
| 700 | 1 |
_aPhilips, W. R. _@0000154017 |
|
| 852 | 1 | _9p4600 KES | |
| 908 | _a070515 | ||
| 950 | _@1 | ||
| 999 |
_c2241 _d2241 |
||